World affairs since 1919: Versailler to the Korean truce, July 1953 (Record no. 424105)

000 -LEADER
fixed length control field 00392cam a22001337a 4500
008 - FIXED-LENGTH DATA ELEMENTS--GENERAL INFORMATION
fixed length control field 180718b1958 xxu||||| |||| 00| 0 eng d
082 ## - DEWEY DECIMAL CLASSIFICATION NUMBER
Classification number D W149
100 ## - MAIN ENTRY--PERSONAL NAME
Personal name Wales, Peter
245 ## - TITLE STATEMENT
Title World affairs since 1919: Versailler to the Korean truce, July 1953
Statement of responsibility, etc. by Peter
260 ## - PUBLICATION, DISTRIBUTION, ETC.
Place of publication, distribution, etc. London
Name of publisher, distributor, etc. Methuen
Date of publication, distribution, etc. 1958
300 ## - PHYSICAL DESCRIPTION
Extent 189p
650 ## - SUBJECT ADDED ENTRY--TOPICAL TERM
Topical term or geographic name entry element World politics
650 ## - SUBJECT ADDED ENTRY--TOPICAL TERM
Topical term or geographic name entry element History, Modern --20th century
Holdings
Withdrawn status Lost status Damaged status Not for loan Permanent Location Current Location Date acquired Full call number Barcode Date last seen Price effective from Koha item type
        Indian Institute of Public Administration Indian Institute of Public Administration 2009-09-16 D W149 12553 2018-07-21 2018-07-21 Book

Powered by Koha